Podmienky predaja výrobkov a poskytovania služieb na trhových miestach

Pokračovanie príspevku z predchádzajúceho čísla. Podmienky zriadenia trhového miesta. Právomoci obce v tejto oblasti.

Gespeichert in:
Bibliographische Detailangaben
1. Verfasser: Strapáč, Peter
Format: Buchkapitel
Sprache:Slowakisch
Schlagworte:
Tags: Tag hinzufügen
Keine Tags, Fügen Sie das erste Tag hinzu!

MARC

LEADER 00000naa a2200000 4500
001 0209671
005 20231208083338.8
041 0 |a slo 
044 |a SK 
245 1 0 |a Podmienky predaja výrobkov a poskytovania služieb na trhových miestach  |c Peter Strapáč 
520 |a Pokračovanie príspevku z predchádzajúceho čísla. Podmienky zriadenia trhového miesta. Právomoci obce v tejto oblasti. 
610 2 0 |a trh 
610 2 0 |a predaj 
610 2 0 |a legislatíva 
610 2 0 |a obce 
610 2 0 |a služby 
100 1 |a Strapáč, Peter